书目信息 |
| 题名: |
2008全国硕士研究生入学考试英语难句全攻略
|
|
| 作者: | 张满胜 , 夏徛荣 主编 | |
| 分册: | ||
| 出版信息: | 北京 新华出版社 2007 |
|
| 页数: | 286页 | |
| 开本: | 26cm | |
| 丛书名: | 金榜考研英语系列 | |
| 单 册: | ||
| 中图分类: | H314.3 | |
| 科图分类: | ||
| 主题词: | 英语--句法--研究生--入学考试--升学参考资料 | |
| 电子资源: | ||
| ISBN: | 978-7-5011-7935-0 | |
| 000 | 01029nam0 2200265 450 | |
| 001 | 012007052182 | |
| 005 | 20070801165857.26 | |
| 010 | @a978-7-5011-7935-0@dCNY28.00@z7-5011-7935-2 | |
| 100 | @a20070626d2007 em y0chiy0110 ea | |
| 101 | 0 | @achi@aeng |
| 102 | @aCN@b110000 | |
| 105 | @ay qz 000yy | |
| 200 | 1 | @a2008全国硕士研究生入学考试英语难句全攻略@92008 quan guo shuo shi yan jiu sheng ru xue kao shi ying yu nan ju quan gong lue@f张满胜,夏徛荣主编 |
| 210 | @a北京@c新华出版社@d2007 | |
| 215 | @a286页@d26cm | |
| 225 | 1 | @a金榜考研英语系列 |
| 225 | 1 | @a金榜考研系列丛书@i英语篇 |
| 300 | @a全国十二大考研辅导机构指定用书 | |
| 330 | @a本书中的例句主要取材于1991~2007年17年的考研真题,书中分析的例句几乎涵盖了历年考研英语中的所有难句。还有部分例句来自四级、托福等权威标准化考试。 | |
| 606 | 0 | @a英语@x句法@x研究生@x入学考试@j升学参考资料 |
| 690 | @aH314.3@v4 | |
| 701 | 0 | @a张满胜@9zhang man sheng@4主编 |
| 701 | 0 | @a夏徛荣@9xia ji rong@4主编 |
| 801 | 0 | @aCN@bRENTIAN@c20070801 |
| 905 | @a10447@dH314.3@e474 | |
| 2008全国硕士研究生入学考试英语难句全攻略/张满胜,夏徛荣主编.-北京:新华出版社,2007 |
| 286页;26cm.-(金榜考研英语系列).-(金榜考研系列丛书.英语篇) |
| 全国十二大考研辅导机构指定用书 |
| ISBN 978-7-5011-7935-0:CNY28.00 |
| 本书中的例句主要取材于1991~2007年17年的考研真题,书中分析的例句几乎涵盖了历年考研英语中的所有难句。还有部分例句来自四级、托福等权威标准化考试。 |
| ● |
| 相关链接 |
|
|
|
|
正题名:2008全国硕士研究生入学考试英语难句全攻略
索取号:H314.3/474
 
预约/预借
| 序号 | 登录号 | 条形码 | 馆藏地/架位号 | 状态 | 备注 |
| 1 | 0800099 | 208000991 | 第二样本阅览室/ [索取号:H314.3/474] | 在馆 | |
| 2 | 0800100 | 208001008 | 第四借阅区/ [索取号:H314.3/474] | 在馆 | |
| 3 | 0800101 | 208001017 | 第四借阅区/ [索取号:H314.3/474] | 在馆 | |
| 4 | 0800102 | 208001026 | 第四借阅区/ [索取号:H314.3/474] | 在馆 | |
| 5 | 0800103 | 208001035 | 第四借阅区/ [索取号:H314.3/474] | 在馆 | |
| 6 | 0800104 | 208001044 | 第四借阅区/ [索取号:H314.3/474] | 在馆 | |
| 7 | 0800105 | 208001053 | 第四借阅区/ [索取号:H314.3/474] | 在馆 | |
| 8 | 0800106 | 208001062 | 第四借阅区/ [索取号:H314.3/474] | 在馆 | |
| 9 | 0800107 | 208001071 | 第四借阅区/ [索取号:H314.3/474] | 在馆 | |
| 10 | 0800108 | 208001080 | 第四借阅区/ [索取号:H314.3/474] | 在馆 | |
| 11 | 0800109 | 208001099 | 第四借阅区/ [索取号:H314.3/474] | 在馆 | |
| 12 | 0800110 | 208001106 | 第四借阅区/ [索取号:H314.3/474] | 在馆 | |
| 13 | 0800111 | 208001115 | 第四借阅区/ [索取号:H314.3/474] | 在馆 | |
| 14 | 0800112 | 208001124 | 第四借阅区/ [索取号:H314.3/474] | 在馆 | |
| 15 | 0800113 | 208001133 | 第四借阅区/ [索取号:H314.3/474] | 在馆 | |
| 16 | 0800114 | 208001142 | 第四借阅区/ [索取号:H314.3/474] | 在馆 | |
| 17 | 0800115 | 208001151 | 第四借阅区/ [索取号:H314.3/474] | 在馆 | |
| 18 | 0800116 | 208001160 | 第四借阅区/ [索取号:H314.3/474] | 在馆 | |
| 19 | 0800117 | 208001179 | 第四借阅区/ [索取号:H314.3/474] | 在馆 | |
| 20 | 0800118 | 208001188 | 第四借阅区/ [索取号:H314.3/474] | 在馆 |